| 000 | 01462nam a22001577a 4500 | ||
|---|---|---|---|
| 041 | _aukr | ||
| 080 | _a09 | ||
| 090 | _bСІМ | ||
| 100 | _aСімак К.В. | ||
| 245 | _aОсобливості міжособистісної комунікації в групах | ||
| 260 |
_aОстрог _bКАФ _c2010 |
||
| 300 | _a62 | ||
| 520 |
_aВСТУП
РОЗДІЛ 1 ХАРАКТЕРИСТИКА МІЖОСОБИСТІСНОГО СПІЛКУВАННЯ НА РІВНІ ГРУП
1.1 Комунікація в міжособистісних відносинах.
1.2 Мала група в контексті міжособистісних взаємодій.
РОЗДІЛ 2 ВПЛИВ ВЕРБАЛЬНИХ ТА НЕВЕРБАЛЬНИХ КОМПОНЕНТІВ НА ЕФЕКТИВНІСТЬ КОМУНІКАЦІЇ В ГРУПАХ
2.1 Індивідуальні особливості учасника групи та зовнішні поведінкові прояви.
2.2 Компоненти вербальної та невербальної комунікації.
2.2.1 Особливості вербальної комунікації.
2.2.2 Особливості невербальної комунікації.
2.3 Гендерні особливості поведінки в групі.
ВИСНОВКИ _0міжособистісне вербальне та невербальне спілкуваня |
||
| 650 | _aResearch Papers | ||
| 999 |
_c284269 _d284269 |
||
| 942 | _cBK | ||